00908cam a2200217 a 450000100100000000500170001000800410002702000180006804000250008608200200011110000480013124500600017926000310023930000210027050000730029165000260036465000410039095201180043195201240054999900170067300001824120200929165421.0760213s1955 fr 000 f fre d a9782070287307 aDO-SdBNPbfrecBNPHU aH863.914bS828c1 aAlexis, Jacques Stephen,d1922-1961.92779410aCompère Général Soleil /cJacques Stephen Alexis. aParis :bGallimard,c1955. a350 p. ;c21 cm. aIncluye referencias bibliográficas y notas al pie de las páginas 4aNovela haitiana93196 4aLiteratura haitianaySIGLO XX939504 001050718MOaGRbGRcHDd2010-04-22iLF1l0oH863.914 S828cp18241-10r2020-06-25w2020-06-25y1ZNo se presta 001150718MOaGRbGRcMId2017-06-02iLF1l0oH863.914 S828cp18241-40r2020-06-25te. 2w2020-06-25y1ZNo se presta c17762d17762